000 00409nam a2200145Ia 4500
008 170221s9999 xx 000 0 und d
100 _aVineet Kaul
245 4 _aThe Digital Communications Revolution
245 _cVineet Kaul
260 _bOnline Journal of Communication and Media Technologies
260 _c2015
650 _xCommunication
650 _xMedia Arts
856 _uhttp://www.ojcmt.net/
999 _c309224
_d309224